000 00688nam a2200193Ii 4500
003 JO-AjNU
008 230605s9999||||xx |||||||||||||| ||und||
040 _aJO-AjNU
_bara
_erda
_cJO-AjNU
041 _aara
050 1 4 _aGV181.A7.K2628 1986
100 3 _aدرويش، كمال، م. مشارك الحماحمى، محمد,
_eauthor
_938631
245 0 0 _aالترويج وأوقات الفراغ في المجتمع المعاصر
264 3 1 _aالقاهرة: د.ن، 1986
300 _a263ص
336 _atext
_btxt
_2rdacontent
337 _aunmediated
_bn
_2rdamedia
338 _avolume
_bnc
_2rdacarrier
650 4 _aاوقات الفراغ- المجتمع المعاصر
_938632
999 _aA16246
_c19814
_d19814